<?xml version="1.0" encoding="UTF-8"?><marc:collection xmlns:marc="http://www.loc.gov/MARC21/slim">
  <marc:record>
    <marc:leader>00000ngm  2200000za 4500</marc:leader>
    <marc:controlfield tag="001">9.838556</marc:controlfield>
    <marc:controlfield tag="003">CaOODSP</marc:controlfield>
    <marc:controlfield tag="005">20250910142446</marc:controlfield>
    <marc:controlfield tag="006">m    go  c f      </marc:controlfield>
    <marc:controlfield tag="007">cr cna|||a||||</marc:controlfield>
    <marc:controlfield tag="008">170620s2017    onc006       fo   vlfre d</marc:controlfield>
    <marc:datafield tag="040" ind1=" " ind2=" ">
      <marc:subfield code="a">CaOODSP</marc:subfield>
      <marc:subfield code="b">fre</marc:subfield>
    </marc:datafield>
    <marc:datafield tag="043" ind1=" " ind2=" ">
      <marc:subfield code="a">n-cn---</marc:subfield>
    </marc:datafield>
    <marc:datafield tag="086" ind1="1" ind2=" ">
      <marc:subfield code="a">D2-386/2017F-MP4</marc:subfield>
    </marc:datafield>
    <marc:datafield tag="245" ind1="0" ind2="0">
      <marc:subfield code="a">Protection, sécurité, engagement </marc:subfield>
      <marc:subfield code="h">[electronic resource] : </marc:subfield>
      <marc:subfield code="b">la politique de défense du Canada.</marc:subfield>
    </marc:datafield>
    <marc:datafield tag="246" ind1="3" ind2="0">
      <marc:subfield code="a">Politique de défense du Canada</marc:subfield>
    </marc:datafield>
    <marc:datafield tag="260" ind1=" " ind2=" ">
      <marc:subfield code="a">[Ottawa] : </marc:subfield>
      <marc:subfield code="b">Défense nationale, </marc:subfield>
      <marc:subfield code="c">[2017]</marc:subfield>
    </marc:datafield>
    <marc:datafield tag="300" ind1=" " ind2=" ">
      <marc:subfield code="a">6 vidéos en streaming (57 sec., 55 sec., 38 sec., 59 sec., 51 sec., 41 sec.) : </marc:subfield>
      <marc:subfield code="b">s., coul.</marc:subfield>
    </marc:datafield>
    <marc:datafield tag="500" ind1=" " ind2=" ">
      <marc:subfield code="a">Publ. aussi en anglais sous le titre: Strong, secure, engaged: Canada's defence policy.</marc:subfield>
    </marc:datafield>
    <marc:datafield tag="500" ind1=" " ind2=" ">
      <marc:subfield code="a">Titre du titre des écrans.</marc:subfield>
    </marc:datafield>
    <marc:datafield tag="500" ind1=" " ind2=" ">
      <marc:subfield code="a">Les titres et les transcriptions des vidéos individuels sont fournis par l'éditeur (http://dgpaapp.forces.gc.ca/fr/politique-defense-canada/index.asp).</marc:subfield>
    </marc:datafield>
    <marc:datafield tag="505" ind1="0" ind2="0">
      <marc:subfield code="t">Thème 1 : la nouvelle vision du Canada pour la défense -- </marc:subfield>
      <marc:subfield code="t">Thème 2 : un personnel et des familles bien soutenus, diversifiés et résilients -- </marc:subfield>
      <marc:subfield code="t">Thème 3 : des investissements pour améliorer les capacités -- </marc:subfield>
      <marc:subfield code="t">Thème 4 : l’innovation dans le secteur de la défense -- </marc:subfield>
      <marc:subfield code="t">Thème 5 : la modernisation des activités de la défense -- </marc:subfield>
      <marc:subfield code="t">Thème 6 : un financement stable, prévisible et réaliste.</marc:subfield>
    </marc:datafield>
    <marc:datafield tag="520" ind1=" " ind2=" ">
      <marc:subfield code="a">« La politique de défense du Canada Protection, Sécurité, Engagement fournira à notre pays des forces armées souples, polyvalentes et aptes au combat, gérées par des hommes et des femmes hautement formés, bien équipés, assurés d’avoir le plein appui de leur gouvernement et de leurs compatriotes canadiens. La politique prévoit que le Canada conservera : protection au pays à l’aide de forces armées prêtes et aptes à défendre sa souveraineté, à apporter une aide en cas de catastrophe naturelle, à appuyer les opérations de recherche et sauvetage, ou à répondre à d’autres urgences; sécurité en Amérique du Nord active au sein du partenariat de défense renouvelé avec le NORAD et avec les États-Unis; engagement dans le monde en faisant participer la Défense dans les opérations canadiennes contribuant à la stabilité et à la paix dans le monde. Protection, Sécurité, Engagement façonnera le rôle du Canada dans le monde pour des décennies à venir. Elle nous permettra de veiller à ce que les FAC soient équipées et préparées pour protéger la souveraineté du Canada, défendre l’Amérique du Nord et contribuer à la sécurité mondiale »--Fournis par l'éditeur.</marc:subfield>
    </marc:datafield>
    <marc:datafield tag="538" ind1=" " ind2=" ">
      <marc:subfield code="a">Exigences du système : Windows Media Player.</marc:subfield>
    </marc:datafield>
    <marc:datafield tag="538" ind1=" " ind2=" ">
      <marc:subfield code="a">Mode d'accès : World Wide Web.</marc:subfield>
    </marc:datafield>
    <marc:datafield tag="692" ind1="0" ind2="7">
      <marc:subfield code="2">gccst</marc:subfield>
      <marc:subfield code="a">Forces armées</marc:subfield>
    </marc:datafield>
    <marc:datafield tag="692" ind1="0" ind2="7">
      <marc:subfield code="2">gccst</marc:subfield>
      <marc:subfield code="a">Sécurité nationale</marc:subfield>
    </marc:datafield>
    <marc:datafield tag="692" ind1="0" ind2="7">
      <marc:subfield code="2">gccst</marc:subfield>
      <marc:subfield code="a">Politique de défense</marc:subfield>
    </marc:datafield>
    <marc:datafield tag="710" ind1="1" ind2=" ">
      <marc:subfield code="a">Canada. </marc:subfield>
      <marc:subfield code="b">Forces armées canadiennes‏.</marc:subfield>
    </marc:datafield>
    <marc:datafield tag="710" ind1="1" ind2=" ">
      <marc:subfield code="a">Canada. </marc:subfield>
      <marc:subfield code="b">Ministère de la défense nationale.</marc:subfield>
    </marc:datafield>
    <marc:datafield tag="775" ind1="0" ind2="8">
      <marc:subfield code="t">Strong, secure, engaged </marc:subfield>
      <marc:subfield code="w">(CaOODSP)9.838545</marc:subfield>
    </marc:datafield>
    <marc:datafield tag="856" ind1="4" ind2="0">
      <marc:subfield code="q">MP4</marc:subfield>
      <marc:subfield code="s">70.82 Mo</marc:subfield>
      <marc:subfield code="u">https://publications.gc.ca/collections/collection_2017/mdn-dnd/D2-386-2017m-1-fra.mp4</marc:subfield>
      <marc:subfield code="z">Thème 1 : la nouvelle vision du Canada pour la défense</marc:subfield>
    </marc:datafield>
    <marc:datafield tag="856" ind1="4" ind2="0">
      <marc:subfield code="q">MP4</marc:subfield>
      <marc:subfield code="s">68.05 Mo</marc:subfield>
      <marc:subfield code="u">https://publications.gc.ca/collections/collection_2017/mdn-dnd/D2-386-2017m-2-fra.mp4</marc:subfield>
      <marc:subfield code="z">Thème 2 : un personnel et des familles bien soutenus, diversifiés et résilients</marc:subfield>
    </marc:datafield>
    <marc:datafield tag="856" ind1="4" ind2="0">
      <marc:subfield code="q">MP4 </marc:subfield>
      <marc:subfield code="s">47.21 Mo</marc:subfield>
      <marc:subfield code="u">https://publications.gc.ca/collections/collection_2017/mdn-dnd/D2-386-2017m-3-fra.mp4</marc:subfield>
      <marc:subfield code="z">Thème 3 : des investissements pour améliorer les capacités</marc:subfield>
    </marc:datafield>
    <marc:datafield tag="856" ind1="4" ind2="0">
      <marc:subfield code="q">MP4</marc:subfield>
      <marc:subfield code="s">73.50 Mo</marc:subfield>
      <marc:subfield code="u">https://publications.gc.ca/collections/collection_2017/mdn-dnd/D2-386-2017m-4-fra.mp4</marc:subfield>
      <marc:subfield code="z">Thème 4 : l’innovation dans le secteur de la défense</marc:subfield>
    </marc:datafield>
    <marc:datafield tag="856" ind1="4" ind2="0">
      <marc:subfield code="q">MP4</marc:subfield>
      <marc:subfield code="s">63.10 Mo</marc:subfield>
      <marc:subfield code="u">https://publications.gc.ca/collections/collection_2017/mdn-dnd/D2-386-2017m-5-fra.mp4</marc:subfield>
      <marc:subfield code="z">Thème 5 : la modernisation des activités de la défense</marc:subfield>
    </marc:datafield>
    <marc:datafield tag="856" ind1="4" ind2="0">
      <marc:subfield code="q">MP4</marc:subfield>
      <marc:subfield code="s">51.48 Mo</marc:subfield>
      <marc:subfield code="u">https://publications.gc.ca/collections/collection_2017/mdn-dnd/D2-386-2017m-6-fra.mp4</marc:subfield>
      <marc:subfield code="z">Thème 6 : un financement stable, prévisible et réaliste</marc:subfield>
    </marc:datafield>
  </marc:record>
</marc:collection>
